000 00506nam a2200181Ia 4500
003 IN-BaIIA
008 211028s9999 xx 000 0 eng d
020 _a88-7830-371-2
040 _cIIA Library
080 _a524.834
_bLOI
100 _aLoinger, Angelo
_926821
245 0 _aOn Black holes and gravitational waves
_cAngelo Loinger
260 _aViale Golgi
_bLa Goliardica Pavese
_c2002
300 _axxiii, 129p.
650 _aBlack holes
_97728
650 _aGravitational waves
_93825
942 _cBK
999 _c14870
_d14870